| 000 | 00377nam a2200145Ia 4500 | ||
|---|---|---|---|
| 005 | 20250701012603.0 | ||
| 008 | 240331s9999 xx 000 0 und d | ||
| 082 |
_bDHA _a891 |
||
| 100 | _aDharmawardena,W.F | ||
| 245 | 0 | _aSinhala padya sangrahaya | |
| 260 |
_aNugogoda _bM.D..Gunasena Book & Co _c1952 |
||
| 300 | _a56 p ., | ||
| 650 | _aSinhala Poetry Collecetion | ||
| 942 | _cL | ||
| 999 |
_c4866 _d4866 |
||